Sherlock's best man speech Quiz Stats

 Plays Quiz not verified by Sporcle

Score 0/225 Timer 12:00
0 Plays Today
% Correct
The
97.8%
the
97.8%
and
97.8%
the
97.8%
the
97.8%
the
97.8%
and
97.8%
the
97.8%
the
97.8%
the
97.8%
the
97.8%
and
97.8%
and
97.8%
the
97.8%
a
97.8%
the
97.8%
and
97.8%
the
97.8%
and
97.8%
and
97.8%
the
97.8%
and
97.8%
the
97.8%
the
97.8%
And
97.8%
and
97.8%
a
97.8%
I
97.5%
I
97.5%
I
97.5%
I
97.5%
I
97.5%
I
97.5%
I
97.5%
I
97.5%
i
97.5%
I
97.5%
I
97.5%
I
97.5%
I
97.5%
I
97.5%
I
97.5%
John,
92%
John,
92%
be
91.4%
be
91.4%
man,
89.2%
man.
89.2%
man
89.2%
man
89.2%
best
87.9%
best
87.9%
best
87.9%
best
87.9%
you
87.7%
you
87.7%
you
87.7%
you
87.7%
you
87.7%
you
87.7%
you
87.7%
you
87.7%
to
87.5%
to
87.5%
to
87.5%
to
87.5%
to
87.5%
am
85%
am
85%
friend.
85%
friend
85%
am
85%
am
85%
friend
85%
am
85%
% Correct
Mary,
82.7%
Mary
82.7%
is
82.1%
is
82.1%
that
82%
that
82%
that
82%
that.
82%
of
81.6%
of
81.6%
of
81.6%
of
81.6%
of
81.6%
of
81.6%
of
81.6%
of
81.6%
have
80.5%
have
80.5%
have
80.5%
have
80.5%
have
80.5%
have
80.5%
in
79.5%
In
79.5%
in
79.5%
we
79.5%
we
79.5%
most
79%
most
79%
as
77%
as
77%
when
76.5%
when
76.5%
this
76.1%
this:
76.1%
this
76.1%
love
75.9%
on
75.6%
So
75.3%
So
75.3%
So
75.3%
for
75.2%
know
74.8%
know
74.8%
never
74.6%
never
74.6%
it
74.3%
your
74.2%
your
74.2%
your
74.2%
your
74.2%
say
73.9%
say
73.9%
ever
73.4%
will
71.1%
anyone
70.3%
can.
69.7%
was
68.8%
not
68.5%
had
68.1%
who
67.5%
I'm
67.3%
all
67.1%
all
67.1%
meet.
65.9%
world.
64.5%
people
64.4%
could
64.4%
one.
64.3%
anyone's
64.2%
asked
63.4%
deserve
62.9%
two
62.8%
because
62.7%
expected
62.5%
% Correct
wife
62.2%
speak
61.8%
let
61.8%
saved.
61.7%
woman
60.8%
if
60.7%
compliment
60.7%
which
60.7%
well
60.5%
highest
60.1%
now
59.8%
knowing.
59.7%
capable.
59.6%
kindest
59.2%
being
59%
being
59%
make
58.9%
good
58.9%
misfortune
58.8%
lifetime
58.3%
down,
58.3%
prove
58.1%
beautiful,
58%
trying
57.8%
point
57.4%
fortune
57.2%
human
56.5%
about
56.4%
bravest,
56.2%
war,
55.8%
it's
55.6%
didn't
55.6%
happy.
55.5%
made
55.1%
last
54.5%
only
54.3%
sorry
54.1%
between
53.9%
sit
53.8%
face
53.3%
choice
53%
congratulate
52.5%
loss.
52.3%
rude,
52%
cannot
51.9%
ahead
51.6%
by
51.6%
arsehole
51.3%
again
51%
wisest
50.9%
ridiculous
50.8%
today
49.7%
understand
49.4%
But
49.4%
short,
49.3%
obnoxious
48.9%
friendship.
48.4%
Actually,
48.3%
ignorant,
48.1%
around
47.8%
companion.
47%
unaware
46.8%
endured
46.3%
Certainly
45.8%
virtuous,
45%
warmth
44.2%
Redeemed
43%
possibly
42.6%
tragic
42.2%
injury,
42%
dismissive
41.9%
apparently
40%
uncomprehending
39.8%
constancy
38.9%
unpleasant,
38.1%

You're not logged in!

Compare scores with friends on all Sporcle quizzes.
OR
Log In

Show Comments

Extras

Top Quizzes Today


Score Distribution

Your Account Isn't Verified!

In order to create a playlist on Sporcle, you need to verify the email address you used during registration. Go to your Sporcle Settings to finish the process.

Report this User

Report this user for behavior that violates our Community Guidelines.

Details: